| 000 | 00853nam a2200265 i 4500 | ||
|---|---|---|---|
| 999 |
_c7832 _d7832 |
||
| 001 | 991061051375406706 | ||
| 003 | OSt | ||
| 005 | 20240102113718.0 | ||
| 008 | 231121e202310 spca||| |||| 0|0 0 cat| | ||
| 015 |
_aLL2023 _2bnc |
||
| 017 |
_aDL B 16406-2023 _bBiblioteca de Catalunya |
||
| 020 | _a9788411730204 | ||
| 040 |
_aES-BaBC _bcat _erda _cCDMR |
||
| 080 |
_a929Vilalta, Marina _22004 |
||
| 080 |
_a636.083.5 _x-051 _x(460.23) _22004 |
||
| 100 | 1 | _aOrriols, Abraham, | |
| 245 | 1 | 4 |
_aUna Vida a les muntanyes : _bla pastora Marina Vilalta, un segle arrelada a la terra / _cAbraham Orriols |
| 264 | 1 |
_aBarcelona : _bAra Llibres, _c2023 |
|
| 300 |
_a186 pàgines, 8 pàgines no numerades: _bil·lustracions en color ; _c22 cm |
||
| 500 | _aAl llom: 537 | ||
| 650 | 7 |
_aPastors _zCatalunya. _2lemac |
|
| 908 | _aBC | ||
| 940 | _aBC | ||
| 942 |
_2udc _cMON |
||